Discrete applied mathematics and combinatorial operations research

Saved in:
Bibliographic Details
Format: Serial
Language:English
French
Published: Amsterdam : North -Holland, 1985-1988
Subjects:
Tags: Add Tag
No Tags, Be the first to tag this record!

MARC

LEADER 00000nas a2200000 i 4500
001 1/58837
008 020222c19851988 eng d
022 |a 0166218X 
035 |l 10000398 
040 |a GR-MY-UA  |b gre  |e aacr 
041 0 |a eng  |h fre 
082 0 |a 510.5 
245 1 0 |a Discrete applied mathematics and combinatorial operations research  |h [περιοδικό] 
260 |a Amsterdam :   |b North -Holland,   |c 1985-1988 
300 |a 10 v.;  |b ill.;  |c 24 cm. 
310 |a Monthly, 1988 ; Bimonthly, 1985-1987 
650 0 0 |a Mathematics  |x Periodicals. 
650 0 0 |a Mathematics  |x Data processing  |x Periodicals. 
650 0 0 |a Combinatorial analysis  |x Periodicals. 
650 0 0 |a Combinatorial analysis  |x Data processing  |x Periodicals. 
922 |a 3ΕΛΗ  |b 198601  |c ΚΕΝΤΡΙΚΗ ΒΙΒΛΙΟΘΗΚΗ  |d BUMBUS